Giáo trình Hát

Tallennettuna:
Bibliografiset tiedot
Aineistotyyppi: Kirja
Tagit: Lisää tagi
Ei tageja, Lisää ensimmäinen tagi!
Thư viện lưu trữ: Mạng thư viện Đại học Đà Nẵng
LEADER 00620nam a2200193 4500
001 000009662
003 5859
005 20150812140851.0
008 111031s sd
245 0 0 |a Giáo trình Hát  |c Ngô Thị Nam 
774 |a Ngô Thị Nam  |d H.  |d Đại học Sư phạm  |d 2007  |g T.2  |h 185 tr.  |n Bộ Giáo dục và Đào tạo. Dự án Đào tạo Giáo viên THCS  |t Giáo trình Hát  |w 5860 
OWN |a LSP 
999 |a From the UDN01 
TYP |a Monograph 
TYP |a Printed language 
980 |a Mạng thư viện Đại học Đà Nẵng